NFL Coaching Staff 2023 - Statistics

General Stats
  • This quiz has been taken 6 times
    3 since last reset
  • The average score is 50 of 93
Answer Stats
Coach % Correct
Andy Reid
100%
Arthur Smith
100%
Dan Campbell
100%
Frank Smith
100%
John Harbaugh
100%
Kyle Shanahan
100%
Mike McDaniel
100%
Nick Siriani
100%
Sean McVay
100%
Thomas Brown
100%
Aaron Glenn
67%
Alan Williams
67%
Ben Johnson
67%
Bill Belichick
67%
Bill O'Brien
67%
Bobby Slowik
67%
Brandon Staley
67%
Brian Daboll
67%
Brian Flores
67%
Brian Johnson
67%
Dan Quinn
67%
DeMeco Ryans
67%
Dennis Allen
67%
Doug Pederson
67%
Jeff Ulbrich
67%
Jonathan Gannon
67%
Josh McDaniels
67%
Kellen Moore
67%
Kevin O'Connell
67%
Matt Eberflus
67%
Matt LaFleur
67%
Mike Kafka
67%
Mike LaFleur
67%
Mike MacDonald
67%
Mike McCarthy
67%
Mike Tomlin
67%
Mike Vrabel
67%
Nathaniel Hackett
67%
Pete Carroll
67%
Press Taylor
67%
Robert Saleh
67%
Ron Rivera
67%
Sean McDermott
67%
Sean Payton
67%
Todd Bowles
67%
Vance Joseph
67%
Zac Taylor
67%
Adam Stenavich
33%
Alex Van Pelt
33%
Brian Callahan
33%
Brian Schottenheimer
33%
Clint Hurtt
33%
Dave Canales
33%
Dave Ragone
33%
Derrick Ansley
33%
Drew Petzing
33%
Ejiro Evero
33%
Eric Bieniemy
33%
Frank Reich
33%
Gus Bradley
33%
Jack Del Rio
33%
Jim Bob Cooter
33%
Jim Schwartz
33%
Joe Barry
33%
Joe Lombardi
33%
Joe Woods
33%
Ken Dorsey
33%
Kevin Stefanski
33%
Larry Foote
33%
Lou Anarumo
33%
Luke Getsy
33%
Matt Burke
33%
Matt Canada
33%
Matt Nagy
33%
Mick Lombardi
33%
Mike Caldwell
33%
Nick Rallis
33%
Patrick Graham
33%
Pete Carmichael
33%
Raheem Morris
33%
Ryan Nielsen
33%
Sean Desai
33%
Shane Bowen
33%
Shane Steichen
33%
Shane Waldron
33%
Steve Spagnuolo
33%
Steve Wilks
33%
Teryl Austin
33%
Tim Kelly
33%
Todd Monken
33%
Vic Fangio
33%
Wes Phillips
33%
Wink Martindale
33%
No matching quizzes found
Score Distribution
Percent of People with Each Score
Percentile by Number Answered
Your Score History
You have not taken this quiz since the last reset